| 000 | 00480nam a2200157 i 4500 | ||
|---|---|---|---|
| 001 | 30446 | ||
| 003 | ES-MaACL | ||
| 005 | 20230906154209.0 | ||
| 007 | t| | ||
| 008 | 030124s1955 sp ||||1| spa d | ||
| 100 | 1 |
_aBelmonte Díaz, José. _927307 |
|
| 245 | 1 | 0 |
_aDefensa y responsabilidad en el accidente de automovil / _cJosé Belmonte Díaz. |
| 260 |
_aBarcelona : _bJosé María Bosch, _c1955 ( _fOrtega) |
||
| 300 |
_a343 p. ; _c21 cm. |
||
| 852 |
_aES-MaACL _jC-10397 _bR.38365 |
||
| 999 |
_c30446 _d30446 |
||